Statistics for Top 10 Countries with the Most Chickens

Click here to take the quiz!

General Stats

  • This quiz has been taken 1,294 times
  • The average score is 8 of 10

Answer Stats

# ChickenCountry% Correct
1.98 bilUnited States
99%
4.63 bilChina
97%
725 milIndia
92%
1.3 bilBrazil
88%
526 milMexico
85%
449 milRussia
85%
310 milJapan
71%
1.92 bilIndonesia
70%
453 milPakistan
65%
930 milIran
47%

Score Distribution

Percentile by Number Answered

Percent of People with Each Score

Your Score History

You have not taken this quiz